| 000 | 01781cam a22003855a 4500 | ||
|---|---|---|---|
| 001 | 7804699 | ||
| 005 | 20201128023620.0 | ||
| 008 | 100520r20071994enka frb 001 0 eng d | ||
| 020 | _a9780080410036 | ||
| 035 | _a(OCoLC)794844005 | ||
| 035 | _a(OCoLC)ocn794844005 | ||
| 035 | _a(NNC)7804699 | ||
| 040 |
_aKNOVL _beng _cKNOVL _dZCU _dEG-ScBUE |
||
| 082 | 0 | 4 |
_a660 _bCOU _222 |
| 100 | 1 |
_aCoulson, J. M. _q(John Metcalfe) _938445 |
|
| 245 | 1 | 0 | _aCoulson & Richardson's chemical engineering. |
| 246 | 3 | _aCoulson and Richardson's Chemical engineering | |
| 246 | 3 | 0 | _aChemical engineering |
| 250 | _a3rd ed., Reprinted ed. | ||
| 260 |
_aOxford ; _aBurlington, Mass. : _bButterworth-Heinemann / Elsevier, _c2007. |
||
| 300 |
_av. 3 (xix, 776 p.) : _bill. ; _c25 cm. |
||
| 490 | 0 | _aChemical engineering series | |
| 500 | _aPrevious editions have title : Chemical engineering. | ||
| 500 | _aThis ed. first published 1994. | ||
| 500 | _aIndex : p. 753-776. | ||
| 504 | _aIncludes bibliographical references. | ||
| 505 | 2 | 0 |
_tv. 3. Chemical & biochemical reactors & process control / _reditors of volume three, J.F. Richardson and D.G. Peacock. |
| 520 | _aThe publication of the third edition of 'Chemical Engineering Volume 3' marks the completion of the re-orientation of the basic material contained in the first three volumes of the series. Volume 3 is devoted to reaction engineering (both chemical and biochemical), together with measurement and process control. This text is designed for students, graduate and postgraduate, of chemical engineering. | ||
| 650 | 7 |
_aChemical engineering. _2BUEsh _91062 |
|
| 651 | _2BUEsh | ||
| 653 |
_bENGCHE _cNovember2015 |
||
| 655 |
_vReading book _934232 |
||
| 700 | 1 |
_aRichardson, J. F. _q(John Francis) _938446 |
|
| 942 | _2ddc | ||
| 999 |
_c21047 _d21019 |
||